000 00781nam a2200217Ia 4500
001 22813
003 GE_BSU
008 181216s||||||||xx |||||||||||||| ||und||
040 _cGE_BSU
245 _aМолекулярная генетика микробиология и вирусология №1. том 36, 2018
245 _cГл. ред.Костров С.В.
260 _aМосква
260 _bМедицина
260 _c2018
300 _a56 стр. 29см. илл.
653 _aМолекулярная генетика микробиология и вирусология №1. том 36, 2018
653 _aПериодика
653 _aმოლეკულური გენეტიკა
653 _aპერიოდიკა
942 _cCR
999 _c55718
_d55718